000 00764nam a22002057a 4500
003 LK-CoMWRAF
005 20240113103526.0
008 240104b2008 |||||||| |||| 00| 0 eng d
040 _aLK-CoMWRAF
_dLK-CoMWRAF
_eLK-CoMWRAF
041 _aeng
082 _a331.8
_bSRI
110 _aSri Lanka, Ministry of Foreign Employment Promotion and Welfare
245 _a National labour migration policy for Sri Lanka
260 _aColombo:
_bMinistry for Foreign Employment Promotion and Welfare,
_c2008
300 _avii, 56 p. ; 30 cm
_bBibliography included
650 _a Emigration and immigration- Government policy
650 _aForeign workers, Sri Lankan- Government policy
856 _uhttps://www.ilo.org/dyn/migpractice/docs/268/Policy.pdf
942 _cBK
999 _c4584
_d4584